[Event "Oberliga NRW 2122"]
[Site "Germany"]
[Date "2022.05.29"]
[Round "6.5"]
[White "Zavgorodniy, Sergiy"]
[Black "Korten, Lando"]
[Result "1-0"]
[WhiteElo "2423"]
[BlackElo "2132"]
[PlyCount "103"]
[EventDate "2021.10.31"]
[EventType "team-tourn"]
[EventRounds "9"]
[EventCountry "GER"]
[SourceTitle "EXT 2024"]
[Source "ChessBase"]
[SourceDate "2023.10.10"]
[SourceVersion "1"]
[SourceVersionDate "2023.10.10"]
[SourceQuality "1"]
[WhiteTeam "Siegburg"]
[BlackTeam "Brackel"]
[WhiteTeamCountry "GER"]
[BlackTeamCountry "GER"]

1. e4 c5 2. Nf3 d6 3. c3 Nf6 4. e5 dxe5 5. Nxe5 e6 6. d4 Bd6 7. Nd2 0-0 8. Ndf3 Nbd7 9. Nc4 Qc7 10. Be2 b6 11. Nxd6 Qxd6 12. 0-0 Bb7 13. dxc5 Qxd1 14. Rxd1 Nxc5 15. Be3 Rac8 16. Nd4 Nd5 17. Bd2 Ne4 18. Be1 Rfd8 19. Bf1 h6 20. c4 Nf4 21. f3 Nd6 22. b3 e5 23. Nc2 Nf5 24. Bc3 f6 25. Kf2 h5 26. g3 Ne6 27. Bh3 g6 28. Ne3 Ng5 29. Bxf5 gxf5 30. h4 Ne6 31. Nxf5 Kh7 32. Nd6 Rc7 33. Nxb7 Rxb7 34. Rxd8 Nxd8 35. Rd1 Nf7 36. Rd5 Rc7 37. f4 exf4 38. gxf4 Kg6 39. f5+ Kg7 40. Bd2 Ne5 41. Bf4 Ng4+ 42. Kf3 Re7 43. b4 Re1 44. Rd7+ Kg8 45. Rxa7 Rf1+ 46. Ke4 Re1+ 47. Kd5 Rf1 48. Bd6 Ne3+ 49. Ke6 Nxc4 50. Be7 Re1+ 51. Kxf6 Ne5 52. Bd6 1-0

[Event "Dortmund NRW Cup U20"]
[Site "Dortmund"]
[Date "2019.07.21"]
[Round "9"]
[White "Korten, Lando"]
[Black "Kartsev, Nikolaj"]
[Result "0-1"]
[WhiteElo "2125"]
[BlackElo "2017"]
[PlyCount "78"]
[EventDate "2019.07.13"]
[EventType "tourn"]
[EventRounds "9"]
[EventCountry "GER"]
[SourceTitle "CBM 191 Extra"]
[Source "ChessBase"]
[SourceDate "2019.09.30"]
[SourceVersion "1"]
[SourceVersionDate "2019.09.30"]
[SourceQuality "1"]

1. d4 Nf6 2. c4 e6 3. Nc3 Bb4 4. e3 0-0 5. Nge2 Re8 6. a3 Bf8 7. Nf4 d5 8. Qc2 b6 9. cxd5 exd5 10. Be2 Bb7 11. 0-0 a5 12. Re1 g6 13. Bd2 c6 14. Rad1 b5 15. Bf3 Nbd7 16. g3 Qb6 17. h4 Qa7 18. Bc1 b4 19. Nce2 bxa3 20. bxa3 Rac8 21. Bb2 Nb6 22. g4 Nc4 23. g5 Ne4 24. Bxe4 Rxe4 25. Ng3 Ree8 26. h5 Ba6 27. Kg2 Qe7 28. hxg6 hxg6 29. Rh1 Qxg5 30. Bc1 Bxa3 31. Bxa3 Nxa3 32. Qc3 Nc4 33. Rh2 Kg7 34. Kf3 Rh8 35. Rg2 Kf8 36. Rdg1 Qf6 37. Ke2 Re8 38. Kd1 Rb8 39. Nd3 Rb1+ 0-1

[Event "Dortmund NRW Cup U20"]
[Site "Dortmund"]
[Date "2019.07.20"]
[Round "8"]
[White "Elier, Ali"]
[Black "Korten, Lando"]
[Result "0-1"]
[WhiteElo "2030"]
[BlackElo "2125"]
[PlyCount "72"]
[EventDate "2019.07.13"]
[EventType "tourn"]
[EventRounds "9"]
[EventCountry "GER"]
[SourceTitle "CBM 191 Extra"]
[Source "ChessBase"]
[SourceDate "2019.09.30"]
[SourceVersion "1"]
[SourceVersionDate "2019.09.30"]
[SourceQuality "1"]

1. e4 c5 2. d4 cxd4 3. c3 d3 4. Bxd3 Nc6 5. f4 g6 6. Nf3 Bg7 7. 0-0 d5 8. e5 Qb6+ 9. Kh1 Nh6 10. Qe2 Bf5 11. Bxf5 Nxf5 12. g4 Nh6 13. Be3 Qc7 14. Nd4 0-0 15. Na3 Qc8 16. Rg1 f5 17. g5 Nf7 18. h4 Nfxe5 19. fxe5 f4 20. Nxc6 Qh3+ 21. Qh2 Qxe3 22. Nd4 Qe4+ 23. Qg2 f3 24. Qf2 Rf4 25. Rg3 Bxe5 26. Rh3 Bxd4 27. cxd4 Raf8 28. Rf1 Rg4 29. Rxf3 Rgf4 30. Kg2 Rxf3 31. Qxf3 Rxf3 32. Rxf3 Qg4+ 33. Kh2 Qxf3 34. h5 gxh5 35. Kg1 h4 36. Kh2 h3 0-1

[Event "Dortmund NRW Cup U20"]
[Site "Dortmund"]
[Date "2019.07.16"]
[Round "4"]
[White "Korten, Lando"]
[Black "Seref, Erdogan"]
[Result "1-0"]
[WhiteElo "2125"]
[BlackElo "1989"]
[PlyCount "183"]
[EventDate "2019.07.13"]
[EventType "tourn"]
[EventRounds "9"]
[EventCountry "GER"]
[SourceTitle "CBM 191 Extra"]
[Source "ChessBase"]
[SourceDate "2019.09.30"]
[SourceVersion "1"]
[SourceVersionDate "2019.09.30"]
[SourceQuality "1"]

1. d4 Nf6 2. c4 e6 3. Nf3 d5 4. Nc3 Bb4 5. Qb3 c5 6. dxc5 Nc6 7. Bd2 0-0 8. Rd1 Bxc5 9. cxd5 exd5 10. Na4 Be7 11. Bc3 Na5 12. Qb5 Bd7 13. Qxa5 Qxa5 14. Bxa5 Bxa4 15. b3 Bb5 16. Nd4 Bd7 17. f3 Rac8 18. e3 Rfe8 19. Kd2 Bc5 20. Bd3 g6 21. Bc3 Nh5 22. a4 Ng7 23. b4 Bf8 24. Ra1 Nf5 25. Nxf5 Bxf5 26. Bxf5 gxf5 27. Kd3 Rxc3+ 28. Kxc3 Bg7+ 29. Kd3 Bxa1 30. Rxa1 Rc8 31. Kd4 Rc4+ 32. Kxd5 Rxb4 33. Ke5 Rb2 34. Rc1 Kg7 35. Kxf5 Rxg2 36. h4 Rh2 37. Rg1+ Kf8 38. Rg4 Rf2 39. Rf4 Kg7 40. e4 b5 41. axb5 Rb2 42. e5 Rxb5 43. Rc4 Rb6 44. Rc7 a6 45. Ra7 Rh6 46. f4 a5 47. Kg5 Rg6+ 48. Kh5 Rg1 49. Rxa5 Rf1 50. Kg5 Rg1+ 51. Kf5 Rh1 52. Ra7 Re1 53. h5 h6 54. Ra2 Rg1 55. Re2 Rg3 56. e6 fxe6+ 57. Rxe6 Rg1 58. Re7+ Kf8 59. Rh7 Ra1 60. Rxh6 Ra5+ 61. Kg4 Kg7 62. Rb6 Rc5 63. Rg6+ Kf7 64. Rg5 Rc1 65. h6 Rg1+ 66. Kf5 Rh1 67. Rg7+ Kf8 68. Kg6 Rg1+ 69. Kf6 Rh1 70. Rg6 Rh2 71. f5 Rh1 72. Ke5 Re1+ 73. Kd5 Rd1+ 74. Ke6 Re1+ 75. Kd7 Rh1 76. Rf6+ Kg8 77. Ke7 Ra1 78. Rd6 Ra7+ 79. Rd7 Ra1 80. Rd8+ Kh7 81. f6 Re1+ 82. Kf7 Re2 83. Kf8 Re1 84. f7 Re2 85. Re8 Ra2 86. Re6 Ra7 87. Ke8 Ra8+ 88. Ke7 Ra7+ 89. Kf6 Ra8 90. Re8 Ra6+ 91. Ke5 Ra5+ 92. Kd4 1-0

[Event "Dortmund NRW Cup U20"]
[Site "Dortmund"]
[Date "2019.07.13"]
[Round "1"]
[White "Wensing, Maximilian"]
[Black "Korten, Lando"]
[Result "1-0"]
[WhiteElo "2109"]
[BlackElo "2125"]
[PlyCount "77"]
[EventDate "2019.07.13"]
[EventType "tourn"]
[EventRounds "9"]
[EventCountry "GER"]
[SourceTitle "CBM 191 Extra"]
[Source "ChessBase"]
[SourceDate "2019.09.30"]
[SourceVersion "1"]
[SourceVersionDate "2019.09.30"]
[SourceQuality "1"]

1. c4 Nf6 2. g3 g6 3. Bg2 Bg7 4. Nc3 0-0 5. d3 d6 6. e3 e5 7. Nge2 Nc6 8. Rb1 Be6 9. b4 Rb8 10. Nd5 Ne7 11. e4 c6 12. Nxf6+ Bxf6 13. 0-0 d5 14. Qc2 Qd7 15. Be3 d4 16. Bh6 Bg7 17. Bxg7 Kxg7 18. f4 f6 19. Kh1 g5 20. Qd2 h6 21. Rf2 b5 22. c5 Qc7 23. Rbf1 Bd7 24. fxg5 fxg5 25. Rxf8 Rxf8 26. Rxf8 Kxf8 27. h4 Kg7 28. hxg5 h5 29. Ng1 Ng6 30. Qf2 Qd8 31. Bh3 Bg4 32. Bxg4 hxg4 33. Qf5 Qh8+ 34. Kg2 Qg8 35. Qd7+ Qf7 36. Qxc6 Qxa2+ 37. Kh1 Nf4 38. gxf4 g3 39. Qh6+ 1-0

[Event "GER-ch U25-A"]
[Site "Willingen"]
[Date "2019.06.14"]
[Round "8"]
[White "Weber, Jannis"]
[Black "Korten, Lando"]
[Result "1/2-1/2"]
[WhiteElo "1889"]
[BlackElo "2127"]
[PlyCount "81"]
[EventDate "2019.06.08"]
[EventType "swiss"]
[EventRounds "9"]
[EventCountry "GER"]
[SourceTitle "CBM 191 Extra"]
[Source "ChessBase"]
[SourceDate "2019.09.30"]
[SourceVersion "1"]
[SourceVersionDate "2019.09.30"]
[SourceQuality "1"]

1. e4 Nf6 2. Nc3 d5 3. e5 d4 4. exf6 dxc3 5. fxg7 cxd2+ 6. Qxd2 Qxd2+ 7. Bxd2 Bxg7 8. 0-0-0 0-0 9. Ne2 Rd8 10. Nc3 Be6 11. Be2 c6 12. Ne4 Nd7 13. Bc3 Bxc3 14. Nxc3 Ne5 15. Ne4 Bd5 16. Nc3 Be6 17. Ne4 b6 18. f4 Nc4 19. Bf3 Bd5 20. Rhe1 Kf8 21. b3 Nd6 22. c4 Bxe4 23. Bxe4 Nxe4 24. Rxe4 Rxd1+ 25. Kxd1 Rd8+ 26. Ke2 e6 27. Re3 Rd4 28. g3 Kg7 29. Rd3 Rxd3 30. Kxd3 h5 31. Ke4 f6 32. b4 Kf7 33. a4 Ke7 34. c5 bxc5 35. bxc5 a5 36. h3 Kf7 37. g4 hxg4 38. hxg4 Kg6 39. g5 e5 40. gxf6 exf4 41. Kf3 1/2-1/2

[Event "GER-ch U25-A"]
[Site "Willingen"]
[Date "2019.06.13"]
[Round "7"]
[White "Korten, Lando"]
[Black "Leser, Katrin"]
[Result "1-0"]
[WhiteElo "2127"]
[BlackElo "2036"]
[PlyCount "39"]
[EventDate "2019.06.08"]
[EventType "swiss"]
[EventRounds "9"]
[EventCountry "GER"]
[SourceTitle "CBM 191 Extra"]
[Source "ChessBase"]
[SourceDate "2019.09.30"]
[SourceVersion "1"]
[SourceVersionDate "2019.09.30"]
[SourceQuality "1"]

1. d4 Nf6 2. c4 e6 3. Nc3 d5 4. cxd5 exd5 5. Bg5 Be7 6. e3 c6 7. Bd3 Nbd7 8. Nf3 Ne4 9. Bf4 Ndf6 10. Qc2 Nd6 11. h3 g6 12. g4 Be6 13. 0-0-0 Qa5 14. Be5 Rg8 15. Ng5 0-0-0 16. Kb1 Nd7 17. Bxd6 Bxg5 18. b4 Qa3 19. Nb5 Qa6 20. Bg3 1-0

[Event "GER-ch U25-A"]
[Site "Willingen"]
[Date "2019.06.12"]
[Round "5"]
[White "Beesk, Kevin"]
[Black "Korten, Lando"]
[Result "1-0"]
[WhiteElo "1935"]
[BlackElo "2127"]
[PlyCount "35"]
[EventDate "2019.06.08"]
[EventType "swiss"]
[EventRounds "9"]
[EventCountry "GER"]
[SourceTitle "CBM 191 Extra"]
[Source "ChessBase"]
[SourceDate "2019.09.30"]
[SourceVersion "1"]
[SourceVersionDate "2019.09.30"]
[SourceQuality "1"]

1. Nc3 c5 2. Nf3 Nf6 3. e4 d6 4. e5 dxe5 5. Nxe5 g6 6. Bc4 e6 7. Qf3 Be7 8. Bb5+ Kf8 9. d4 Qxd4 10. Bf4 g5 11. Bg3 g4 12. Qe2 Qb4 13. 0-0-0 a6 14. a3 Qa5 15. Nc4 Qd8 16. Rxd8+ Bxd8 17. Rd1 Ke7 18. Bd6# 1-0

[Event "GER-ch U25-A"]
[Site "Willingen"]
[Date "2019.06.10"]
[Round "3"]
[White "Hesse, Henrik"]
[Black "Korten, Lando"]
[Result "1-0"]
[WhiteElo "2166"]
[BlackElo "2127"]
[PlyCount "137"]
[EventDate "2019.06.08"]
[EventType "swiss"]
[EventRounds "9"]
[EventCountry "GER"]
[SourceTitle "CBM 191 Extra"]
[Source "ChessBase"]
[SourceDate "2019.09.30"]
[SourceVersion "1"]
[SourceVersionDate "2019.09.30"]
[SourceQuality "1"]

1. c4 Nf6 2. g3 g6 3. Bg2 Bg7 4. Nc3 0-0 5. e3 d6 6. Nge2 e5 7. 0-0 Nc6 8. d3 Be6 9. Nd5 Rb8 10. Qa4 Qd7 11. Nxf6+ Bxf6 12. Nc3 Bg7 13. Nd5 Rfd8 14. Rb1 Bxd5 15. Bxd5 Ne7 16. Qxd7 Rxd7 17. Bf3 f5 18. b3 c6 19. Ba3 Rbd8 20. b4 b6 21. Rfd1 h5 22. c5 dxc5 23. bxc5 b5 24. Be2 Nd5 25. Rbc1 e4 26. d4 Kh7 27. Rc2 Kh6 28. Bc1 g5 29. Bd2 Rg8 30. Rb1 a6 31. a4 f4 32. axb5 axb5 33. Ra2 Bf6 34. Ra6 Rc8 35. Bd1 fxe3 36. fxe3 Kg6 37. Bc2 Re7 38. Rf1 Re6 39. Bb3 Rd8 40. Rb1 Kf5 41. Rf1+ Kg6 42. Rfa1 g4 43. Ra8 Ree8 44. Rxd8 Rxd8 45. Ra6 Ne7 46. Bc2 Kf5 47. Ra1 Bg5 48. Rf1+ Ke6 49. Bxe4 Ra8 50. Bc2 Ra3 51. Bb4 Rxe3 52. Bd2 Re5 53. Bb3+ Nd5 54. dxe5 Bxd2 55. Bxd5+ cxd5 56. c6 Ba5 57. Rc1 Bc7 58. Re1 b4 59. Kf2 b3 60. Rb1 Bxe5 61. Rxb3 Kd6 62. Rb7 Kxc6 63. Rh7 d4 64. Ke2 Kd5 65. Kd3 Bf6 66. Rxh5+ Ke6 67. Rh6 Kf5 68. Rxf6+ Kxf6 69. Kxd4 1-0

[Event "GER-chT U20"]
[Site "Osnabrueck"]
[Date "2018.12.29"]
[Round "5.3"]
[White "Korten, Lando"]
[Black "Biastoch, Bennet"]
[Result "0-1"]
[WhiteElo "2100"]
[BlackElo "2194"]
[PlyCount "112"]
[EventDate "2018.12.27"]
[EventType "team-swiss"]
[EventRounds "7"]
[EventCountry "GER"]
[SourceTitle "CBM 188 Extra"]
[Source "ChessBase"]
[SourceDate "2019.02.26"]
[SourceVersion "1"]
[SourceVersionDate "2019.02.26"]
[SourceQuality "1"]
[WhiteTeam "Brackel"]
[BlackTeam "Magdeburg Aufbau Elbe"]
[WhiteTeamCountry "GER"]
[BlackTeamCountry "GER"]

1. d4 Nf6 2. c4 e6 3. Nf3 b6 4. g3 Bb7 5. Bg2 Be7 6. 0-0 0-0 7. d5 exd5 8. Nh4 c6 9. cxd5 Nxd5 10. Nf5 Na6 11. e4 Nf6 12. Nc3 d5 13. e5 Ne8 14. g4 Nc5 15. f4 f6 16. Be3 fxe5 17. fxe5 Nc7 18. Qf3 N7e6 19. Qg3 Ba6 20. Rfd1 Bd3 21. b4 Bxf5 22. gxf5 Rxf5 23. bxc5 Bxc5 24. Bxc5 Nxc5 25. h4 Qe7 26. Nxd5 Qxe5 27. Qxe5 Rxe5 28. Nb4 Re2 29. Re1 Rae8 30. Kf1 Rxe1+ 31. Rxe1 Rf8+ 32. Kg1 Rf4 33. Nxc6 h5 34. Bd5+ Kh7 35. Nxa7 Rxh4 36. Nc8 Rb4 37. a3 Rg4+ 38. Kh2 Rh4+ 39. Kg3 Rd4 40. Nxb6 Rd3+ 41. Kh4 Kh6 42. Re5 g5+ 43. Rxg5 Rd4+ 44. Rg4 Rxg4+ 45. Kh3 Rd4 46. Bg2 Rd3+ 47. Kh2 Rxa3 48. Nc4 Ra2 49. Ne5 Ne6 50. Nd3 Kg5 51. Kg1 Nf4 52. Nxf4 Kxf4 53. Kh2 Kg4 54. Kg1 Kg3 55. Bf1 Ra1 56. Kh1 Rxf1# 0-1

[Event "GER-chT U20"]
[Site "Osnabrueck"]
[Date "2018.12.27"]
[Round "2.2"]
[White "Koll, Lukas"]
[Black "Korten, Lando"]
[Result "1/2-1/2"]
[WhiteElo "1993"]
[BlackElo "2100"]
[PlyCount "154"]
[EventDate "2018.12.27"]
[EventType "team-swiss"]
[EventRounds "7"]
[EventCountry "GER"]
[SourceTitle "CBM 188 Extra"]
[Source "ChessBase"]
[SourceDate "2019.02.26"]
[SourceVersion "1"]
[SourceVersionDate "2019.02.26"]
[SourceQuality "1"]
[WhiteTeam "Karlsruhe SF"]
[BlackTeam "Brackel"]
[WhiteTeamCountry "GER"]
[BlackTeamCountry "GER"]

1. c4 Nf6 2. g3 g6 3. Bg2 Bg7 4. d4 0-0 5. e3 d6 6. Ne2 e5 7. Nbc3 Nc6 8. 0-0 Re8 9. a3 Bf5 10. e4 Bd7 11. dxe5 Nxe5 12. b3 Qc8 13. Nf4 Bc6 14. Bb2 a5 15. Nfd5 Nxd5 16. cxd5 Bd7 17. a4 f5 18. Rc1 Qd8 19. Qc2 Rc8 20. Nb5 fxe4 21. Bxe4 Bxb5 22. axb5 Nd7 23. Bxg7 Kxg7 24. Bg2 Nc5 25. Bh3 Ra8 26. Be6 Qf6 27. Rfe1 Re7 28. Ra1 Ree8 29. Rab1 c6 30. bxc6 bxc6 31. Qc4 Rab8 32. Qc2 Re7 33. Re3 Rbe8 34. Rbe1 cxd5 35. Bxd5 Re5 36. Qd2 Rxe3 37. Rxe3 Rxe3 38. fxe3 Qe5 39. e4 h5 40. Qxa5 Qd4+ 41. Kg2 Nxe4 42. Bxe4 Qxe4+ 43. Kg1 Qb1+ 44. Kg2 Qc2+ 45. Kh1 Qf2 46. Qa1+ Kh7 47. Qd1 d5 48. h4 Qxg3 49. Qxd5 Qxh4+ 50. Kg2 Qg4+ 51. Kh1 Qf4 52. Qb7+ Kh6 53. b4 Qf1+ 54. Kh2 Qf2+ 55. Kh1 h4 56. b5 h3 57. b6 h2 58. Qg2 Qxb6 59. Qxh2+ Kg7 60. Qe5+ Qf6 61. Qc7+ Qf7 62. Qe5+ Kg8 63. Kg2 Qb7+ 64. Kg3 Kh7 65. Kg4 Qb4+ 66. Qf4 Qxf4+ 67. Kxf4 Kh6 68. Kg4 g5 69. Kg3 Kh5 70. Kh3 g4+ 71. Kg3 Kg5 72. Kg2 Kf4 73. Kf2 g3+ 74. Kg2 Kg4 75. Kg1 Kf3 76. Kf1 g2+ 77. Kg1 Kg3 1/2-1/2

[Event "Dortmund Helmut Kohl"]
[Site "Dortmund"]
[Date "2017.07.16"]
[Round "2"]
[White "Nguyen, Kevin"]
[Black "Korten, Lando"]
[Result "1-0"]
[WhiteElo "2194"]
[BlackElo "2146"]
[PlyCount "103"]
[EventDate "2017.07.15"]
[EventType "tourn"]
[EventRounds "9"]
[EventCountry "GER"]
[SourceTitle "CBM 179 Extra"]
[Source "ChessBase"]
[SourceDate "2017.08.23"]
[SourceVersion "1"]
[SourceVersionDate "2017.08.23"]
[SourceQuality "1"]

1. e4 c5 2. Nc3 Nc6 3. Bb5 g6 4. Bxc6 bxc6 5. f4 d5 6. e5 d4 7. Ne4 Qd5 8. d3 f5 9. exf6 Nxf6 10. Qe2 Bg7 11. Nf3 0-0 12. 0-0 Nh5 13. Nh4 Nf6 14. Nf3 Nh5 15. Nh4 Nf6 16. Bd2 Ba6 17. Ng5 e5 18. Qxe5 Rae8 19. Qxd5+ Nxd5 20. f5 gxf5 21. Nxf5 Ne3 22. Bxe3 Rxf5 23. Rxf5 dxe3 24. Ne4 c4 25. Nf6+ Bxf6 26. Rxf6 cxd3 27. cxd3 Bxd3 28. Re1 e2 29. Kf2 c5 30. b3 a5 31. Rf3 c4 32. Rc1 a4 33. Ke1 axb3 34. axb3 Be4 35. Rg3+ Kf7 36. bxc4 Bg6 37. Rf3+ Kg7 38. c5 Bh5 39. Rf5 Kh6 40. Rxh5+ Kxh5 41. c6 Kg4 42. c7 Rc8 43. Kxe2 Kf4 44. Rc4+ Ke5 45. Kf3 Kd5 46. Rc2 Ke5 47. Kg4 Kf6 48. Kh5 Kg7 49. Rc6 Kf7 50. Kh6 Kg8 51. h3 Kh8 52. Rb6 1-0

[Event "Ruhrgebiet Verbandsklasse Gruppe 1 1617"]
[Site "Germany"]
[Date "2017.02.19"]
[Round "7.1"]
[White "Korten, Lando"]
[Black "Freisen, Thomas"]
[Result "1/2-1/2"]
[WhiteElo "2046"]
[BlackElo "1947"]
[PlyCount "133"]
[EventDate "2016.09.04"]
[EventType "team-tourn"]
[EventRounds "9"]
[EventCountry "GER"]
[SourceTitle "EXT 2022"]
[Source "ChessBase"]
[SourceDate "2021.10.06"]
[SourceVersion "1"]
[SourceVersionDate "2021.10.06"]
[SourceQuality "1"]
[WhiteTeam "Unna SV"]
[BlackTeam "Guennigfeld SV"]
[WhiteTeamCountry "GER"]
[BlackTeamCountry "GER"]

1. d4 Nf6 2. c4 e6 3. Nf3 b6 4. g3 Ba6 5. b3 Bb4+ 6. Bd2 Be7 7. Bg2 c6 8. Qc2 d5 9. Ne5 0-0 10. Bc3 Nfd7 11. Nd2 Bb7 12. 0-0 Qc7 13. e4 Nxe5 14. dxe5 Nd7 15. f4 dxc4 16. Nxc4 Ba6 17. Bb2 Rfd8 18. Bh3 Bc5+ 19. Kh1 Nf8 20. Rad1 Bxc4 21. Qxc4 Rxd1 22. Rxd1 Rd8 23. Qe2 Rd7 24. Bg4 Qd8 25. Rxd7 Qxd7 26. Qd1 Qxd1+ 27. Bxd1 Nd7 28. Kg2 Kf8 29. g4 Be7 30. Kf3 a5 31. Bd4 Bc5 32. Bc3 Ke7 33. h4 Nf8 34. Be2 h6 35. f5 Nh7 36. Bd2 Bd4 37. Bf4 Kd7 38. Kg2 Bc5 39. g5 hxg5 40. hxg5 g6 41. Bc4 Bd4 42. Bxe6+ Ke7 43. Bc8 Nf8 44. Bb7 Nd7 45. Bxc6 Nxe5 46. Bb5 f6 47. Kg3 Kf7 48. Bc4+ Kg7 49. Be6 Nd3 50. gxf6+ Kxf6 51. Bc7 Be5+ 52. Bxe5+ Kxe5 53. Kg4 Nc5 54. Bc4 gxf5+ 55. exf5 Ne4 56. Be6 Nc5 57. Bc4 Ne4 58. Bf7 Nd6 59. Be6 Ne4 60. Kh5 Kf6 61. Kg4 Ke5 62. Kh5 Kf6 63. Bd7 Nc3 64. a3 Ne4 65. Kg4 Ke5 66. Be6 Nc5 67. Kf3 1/2-1/2

[Event "Unna op"]
[Site "Unna"]
[Date "2016.12.30"]
[Round "7"]
[White "Korten, Lando"]
[Black "Dunsche, Daniel"]
[Result "1/2-1/2"]
[WhiteElo "2048"]
[BlackElo "1825"]
[PlyCount "45"]
[EventDate "2016.12.27"]
[EventType "swiss"]
[EventRounds "7"]
[EventCountry "GER"]
[SourceTitle "EXT 2018"]
[Source "ChessBase"]
[SourceDate "2017.10.13"]
[SourceVersion "1"]
[SourceVersionDate "2017.10.13"]
[SourceQuality "1"]

1. d4 d5 2. c4 e6 3. Nc3 c5 4. cxd5 exd5 5. Nf3 Nc6 6. dxc5 d4 7. Na4 Bxc5 8. Nxc5 Qa5+ 9. Bd2 Qxc5 10. Rc1 Qb6 11. e3 Nf6 12. Bc4 dxe3 13. Bxe3 Qb4+ 14. Bd2 Qe7+ 15. Qe2 Qxe2+ 16. Bxe2 0-0 17. 0-0 Be6 18. a3 h6 19. b4 a6 20. a4 Ne4 21. Be1 Rac8 22. Rb1 Rfd8 23. b5 1/2-1/2

[Event "Unna op"]
[Site "Unna"]
[Date "2016.12.27"]
[Round "1"]
[White "Leonard, Timo"]
[Black "Korten, Lando"]
[Result "0-1"]
[WhiteElo "1600"]
[BlackElo "2048"]
[PlyCount "152"]
[EventDate "2016.12.27"]
[EventType "swiss"]
[EventRounds "7"]
[EventCountry "GER"]
[SourceTitle "EXT 2018"]
[Source "ChessBase"]
[SourceDate "2017.10.13"]
[SourceVersion "1"]
[SourceVersionDate "2017.10.13"]
[SourceQuality "1"]

1. e4 Nf6 2. e5 Nd5 3. c4 Nb6 4. d4 d6 5. exd6 exd6 6. Nf3 Be7 7. Bd3 Bf6 8. Qe2+ Qe7 9. Qxe7+ Bxe7 10. h3 Nc6 11. Bd2 Bf6 12. Bc3 Na4 13. 0-0 0-0 14. Re1 Nxc3 15. bxc3 Na5 16. Nbd2 b6 17. Ne4 Bd8 18. Re2 Ba6 19. Ned2 Bf6 20. Ne4 Bd8 21. Ned2 g6 22. Rae1 Bf6 23. Ne4 Bg7 24. Ned2 d5 25. Ne5 Bxe5 26. Rxe5 dxc4 27. Bc2 Nc6 28. R5e3 Rad8 29. Be4 Nb8 30. Bf3 c5 31. d5 Bb5 32. Re7 Rd7 33. Rxd7 Nxd7 34. Re7 Rd8 35. Ne4 Kf8 36. d6 Nf6 37. Nxf6 Rxd6 38. Rxa7 Rxf6 39. Kf1 Rd6 40. a4 Bd7 41. a5 bxa5 42. Rxa5 Be6 43. Ke2 Ke7 44. Be4 Rb6 45. Ra2 Rb3 46. Kd2 h6 47. Bc2 Rb6 48. Be4 f5 49. Bc2 g5 50. Ke3 f4+ 51. Ke2 h5 52. Be4 Kf6 53. f3 g4 54. h4 Bf5 55. Bxf5 Kxf5 56. Kd2 Rd6+ 57. Ke2 Rd3 58. Ra5 Re3+ 59. Kf2 g3+ 60. Kf1 Rxc3 61. Rxc5+ Kg6 62. Rg5+ Kh6 63. Re5 Kg6 64. Re2 Kf5 65. Re4 Rc1+ 66. Ke2 Rc2+ 67. Kf1 Rf2+ 68. Kg1 c3 69. Rc4 c2 70. Rc5+ Ke6 71. Rc8 Rd2 72. Re8+ Kf7 73. Re1 Rd1 74. Kf1 c1Q 75. Ke2 Qd2+ 76. Kf1 Rxe1# 0-1

[Event "Ruhrgebiet Verbandsklasse Gruppe 1 1617"]
[Site "Germany"]
[Date "2016.09.25"]
[Round "2.1"]
[White "Prass, Marian"]
[Black "Korten, Lando"]
[Result "1/2-1/2"]
[WhiteElo "2036"]
[BlackElo "2062"]
[PlyCount "90"]
[EventDate "2016.09.04"]
[EventType "team-tourn"]
[EventRounds "9"]
[EventCountry "GER"]
[SourceTitle "EXT 2022"]
[Source "ChessBase"]
[SourceDate "2021.10.06"]
[SourceVersion "1"]
[SourceVersionDate "2021.10.06"]
[SourceQuality "1"]
[WhiteTeam "Altenessen"]
[BlackTeam "Unna SV"]
[WhiteTeamCountry "GER"]
[BlackTeamCountry "GER"]

1. d4 Nf6 2. c4 g6 3. Nc3 Bg7 4. e4 d6 5. Nf3 0-0 6. Be2 e5 7. 0-0 Nc6 8. Be3 Nd7 9. Qd2 Re8 10. Rac1 a5 11. b3 f5 12. dxe5 Ndxe5 13. Bg5 Qd7 14. exf5 Qxf5 15. Nd5 Qf7 16. Nxe5 Bxe5 17. Be3 Be6 18. f4 Bd4 19. Bxd4 Nxd4 20. Qxd4 Bxd5 21. Bd3 Be6 22. Be4 Re7 23. Qd3 Bf5 24. Bxf5 Qxf5 25. Qxf5 gxf5 26. Rfe1 Rae8 27. Rxe7 Rxe7 28. Kf2 Re4 29. g3 Kf7 30. Kf3 Rd4 31. Ke3 c5 32. h3 h5 33. Rc2 Ke6 34. Rg2 a4 35. g4 fxg4 36. hxg4 hxg4 37. Rxg4 axb3 38. axb3 Kf7 39. Rh4 b5 40. cxb5 Rb4 41. Rh7+ Ke6 42. Rh6+ Kf5 43. Rh5+ Ke6 44. Rh6+ Kf5 45. Rh5+ Ke6 1/2-1/2

[Event "Dortmund Sparkassen op-A 44th"]
[Site "Dortmund"]
[Date "2016.07.16"]
[Round "8"]
[White "Pajeken, Wolfgang"]
[Black "Korten, Lando"]
[Result "1-0"]
[WhiteElo "2289"]
[BlackElo "2000"]
[PlyCount "49"]
[EventDate "2016.07.09"]
[EventType "swiss"]
[EventRounds "9"]
[EventCountry "GER"]
[SourceTitle "CBM 173 Extra"]
[Source "ChessBase"]
[SourceDate "2016.08.29"]
[SourceVersion "1"]
[SourceVersionDate "2016.08.29"]
[SourceQuality "1"]

1. d4 Nf6 2. c4 g6 3. Nc3 Bg7 4. e4 d6 5. Nf3 0-0 6. h3 e5 7. d5 Na6 8. Be3 Nc5 9. Nd2 a5 10. g4 Ne8 11. Nb3 b6 12. Nxc5 dxc5 13. h4 Nd6 14. h5 f5 15. hxg6 hxg6 16. gxf5 gxf5 17. Qh5 f4 18. Be2 Qf6 19. Bd2 Bd7 20. 0-0-0 Be8 21. Qh7+ Kf7 22. Bh5+ Ke7 23. Rdg1 Bxh5 24. Rxh5 Ne8 25. d6+ 1-0

[Event "Dortmund Sparkassen op-A 44th"]
[Site "Dortmund"]
[Date "2016.07.15"]
[Round "7"]
[White "Korten, Lando"]
[Black "Hausrath, Daniel"]
[Result "0-1"]
[WhiteElo "2000"]
[BlackElo "2483"]
[PlyCount "96"]
[EventDate "2016.07.09"]
[EventType "swiss"]
[EventRounds "9"]
[EventCountry "GER"]
[SourceTitle "CBM 173 Extra"]
[Source "ChessBase"]
[SourceDate "2016.08.29"]
[SourceVersion "1"]
[SourceVersionDate "2016.08.29"]
[SourceQuality "1"]

1. d4 Nf6 2. c4 Nc6 3. Nf3 e6 4. Nc3 Bb4 5. Bg5 h6 6. Bxf6 Qxf6 7. e3 0-0 8. Qc2 d6 9. a3 Bxc3+ 10. Qxc3 e5 11. dxe5 Nxe5 12. Nxe5 dxe5 13. Be2 Re8 14. Bf3 a5 15. 0-0 a4 16. Rad1 Ra6 17. Rd5 b6 18. Rfd1 Bb7 19. Rd6 cxd6 20. Bxb7 Ra7 21. Bd5 Rc8 22. Qb4 Qd8 23. g3 Rc5 24. h4 Qc7 25. Qd2 b5 26. cxb5 Rxb5 27. Be4 Rb6 28. Rc1 Qd8 29. Qc2 d5 30. Qc8 Ra8 31. Qxd8+ Rxd8 32. Bc2 Rxb2 33. Bxa4 Ra8 34. Bd7 Rxa3 35. Rd1 Raa2 36. Rf1 d4 37. exd4 exd4 38. Bf5 g6 39. Be4 Kg7 40. Kg2 Rd2 41. Kf3 f5 42. Bd5 Ra5 43. Bc4 Rc5 44. Ba6 Rc3+ 45. Kg2 Rcc2 46. Kf3 g5 47. hxg5 hxg5 48. g4 Rc3+ 0-1